Tool Engineering and design (Record no. 36305)
[ view plain ]
| 000 -LEADER | |
|---|---|
| fixed length control field | 00407nam a22001697a 4500 |
| 003 - CONTROL NUMBER IDENTIFIER | |
| control field | OSt |
| 005 - DATE AND TIME OF LATEST TRANSACTION | |
| control field | 20260202120644.0 |
| 007 - PHYSICAL DESCRIPTION FIXED FIELD--GENERAL INFORMATION | |
| fixed length control field | 705 pages |
| 008 - FIXED-LENGTH DATA ELEMENTS--GENERAL INFORMATION | |
| fixed length control field | 260202b |||||||| |||| 00| 0 eng d |
| 020 ## - INTERNATIONAL STANDARD BOOK NUMBER | |
| International Standard Book Number | 817409203-X |
| 040 ## - CATALOGING SOURCE | |
| Transcribing agency | |
| 082 ## - DEWEY DECIMAL CLASSIFICATION NUMBER | |
| Edition number | 9 |
| Classification number | 621.9 |
| Item number | NAG |
| 245 ## - TITLE STATEMENT | |
| Title | Tool Engineering and design |
| Statement of responsibility, etc. | Nagpal,G.R |
| 250 ## - EDITION STATEMENT | |
| Edition statement | 9 |
| 260 ## - PUBLICATION, DISTRIBUTION, ETC. | |
| Name of publisher, distributor, etc. | khanna publishers |
| Date of publication, distribution, etc. | 2020 |
| 942 ## - ADDED ENTRY ELEMENTS (KOHA) | |
| Source of classification or shelving scheme | Dewey Decimal Classification |
| Koha item type | BOOK |
| Edition | 9 |
| Call number prefix | 621.9 |
| Call number suffix | NAG |
| Suppress in OPAC | No |
| Withdrawn status | Lost status | Source of classification or shelving scheme | Damaged status | Not for loan | Collection | Home library | Current library | Date acquired | Cost, normal purchase price | Inventory number | Total Checkouts | Full call number | Barcode | Date last seen | Price effective from | Koha item type |
|---|---|---|---|---|---|---|---|---|---|---|---|---|---|---|---|---|
| Dewey Decimal Classification | MECHANICAL | Fr. Agnel's C.Rodrigues College of Engineering | Fr. Agnel's C.Rodrigues College of Engineering | 02/02/2026 | 299.00 | AO/26/1/1025 dt 23.01.2026 | 621.9/NAG | 27064 | 02/02/2026 | 02/02/2026 | BOOK | |||||
| Dewey Decimal Classification | MECHANICAL | Fr. Agnel's C.Rodrigues College of Engineering | Fr. Agnel's C.Rodrigues College of Engineering | 02/02/2026 | 299.00 | AO/26/1/1025 dt 23.01.2026 | 621.9/NAG | 27065 | 02/02/2026 | 02/02/2026 | BOOK | |||||
| Dewey Decimal Classification | MECHANICAL | Fr. Agnel's C.Rodrigues College of Engineering | Fr. Agnel's C.Rodrigues College of Engineering | 02/02/2026 | 299.00 | AO/26/1/1025 dt 23.01.2026 | 621.9/NAG | 27066 | 02/02/2026 | 02/02/2026 | BOOK | |||||
| Dewey Decimal Classification | MECHANICAL | Fr. Agnel's C.Rodrigues College of Engineering | Fr. Agnel's C.Rodrigues College of Engineering | 02/02/2026 | 299.00 | AO/26/1/1025 dt 23.01.2026 | 621.9/NAG | 27067 | 02/02/2026 | 02/02/2026 | BOOK | |||||
| Dewey Decimal Classification | MECHANICAL | Fr. Agnel's C.Rodrigues College of Engineering | Fr. Agnel's C.Rodrigues College of Engineering | 02/02/2026 | 299.00 | AO/26/1/1025 dt 23.01.2026 | 621.9/NAG | 27068 | 02/02/2026 | 02/02/2026 | BOOK |